RAL Farben (Sudden Death) - Statistiken

Allgemein
  • Dieses Quiz wurde 79 mal gespielt
  • Das Durchschnittsergebnis liegt bei 2 aus 14
Answers on the Grid
Answers color-coded by a green-red scale on the quiz's grid according to % correct below.
Marmorrot
Tintenschwarz
Tulpenweiß
Uferblau
Berggrau
Kreidegelb
Anemonenweiß
Kolibrigrün
Korbbraun
Feldocker
Inselgold
Stachelbeergrün
Baumrindenbraun
Kalzinatgrau
Lichtblau
Trägergrün
Industrierosé
Estrichbeige
Krapporange
Tauchtürkis
Nachtbraun
Pandoraweiß
Keramikrot
Flammenorange
Kokosrosé
Schwefelgelb
Spindelgrau
Bastlichtgrau
Dampfbraun
Kaltlufttürkis
 
Antwortstatistiken
Antwort % Korrekt
Tintenschwarz
35%
Lichtblau
31%
Schwefelgelb
29%
Marmorrot
27%
Tulpenweiß
27%
Kreidegelb
23%
Anemonenweiß
10%
Bastlichtgrau
8%
Krapporange
8%
Baumrindenbraun
6%
Industrierosé
6%
Kaltlufttürkis
4%
Nachtbraun
4%
Stachelbeergrün
4%
Keine übereinstimmenden Quizze gefunden
Verteilung der Resultate
Anzahl Personen mit jedem Resultat
Perzentil nach korrekt beantworteten Fragen
Ihre Resultats-Entwicklung
Sie haben dieses Quiz noch nicht gespielt